00607nam a2200193Ia 4500008004100000020001500041082001200056100002300068245003800091250000800129260003900137300002900176500001900205600002700224650001500251942000700266952012300273999001700396240925s9999 xx 000 0 und d a8188385905 a621 BHA aBhardwaj, Mukta Ms 0aM.C.Q In Electronics Engineering  a1st aNew Delhi:bAcademic pressc,2007. axxxv,703p.bNAfOriginal aIncludes Index aElectronic Engineering aTechnology cBK 001040708ELaUITUbUITUd2013-06-20ePak Asian Bokg3083.21l0o621 BHApQ9771r2024-09-25 07:15:26w2024-09-25yBK c12270d12270